000 00302nam a22001337a 4500
020 _a81-7478-505-1
082 _a894.812.3
_bSUB/K
100 _aSUBRAMANIAN, NEELA
245 _aKUTTIKALUDE RAMAYANAM
260 _aCHENNAI
_bSURA BOOKS
_c2005
300 _a90
650 _aRELIGIOUS
_zINDIA
942 _cBK
999 _c5265
_d5265